Deutsche Geschichte durch die Jahrhunderte - Statistiken

Allgemein
  • Dieses Quiz wurde 3.166 mal gespielt
    3.059 seit der letzten Aktualisierung
  • Das Durchschnittsergebnis liegt bei 11 aus 21
Antwortstatistiken
Jhd Frage Antwort % Korrekt
16. Jhd Mönch, welcher mit 95 Thesen die Reformation auslöste Martin Luther
89%
21. Jhd Land, in dem die Bundeswehr seit 2001 gegen die Taliban kämpfte Afghanistan
85%
20. Jhd Bezeichnung für die kurzlebige Republik zwischen dem Ersten Weltkrieg und dem drittem Reich Weimarer Republik
82%
19. Jhd Preußischer Kanzler und maßgeblicher Architekt der deutschen Reichsgründung Otto von Bismarck
81%
14. Jhd Städte- und Handelsbund, welcher sich gegen das Königreich Dänemark militärisch durchsetzen konnte Hanse
69%
18. Jhd Preußischer König, welcher Schlesien erobern und Preußen zu einer europäischen Großmacht machen konnte Friedrich der Große
63%
8. Jhd König, der die Sachsen unterwarf und zum römischen Kaiser gekrönt wurde Karl der Große
62%
3. Jhd Römisch-Germanische Grenzanlagen, welche um 260 aufgegeben werden Limes
62%
17. Jhd Religionskrieg, welcher Deutschland verheerte 30 Jähriger Krieg
61%
5. Jhd Hunnenfürst, welcher Teile Deutschlands plünderte Attila
58%
13. Jhd Architekturstil, der sich in diesem Jahrhundert in Deutschland durchsetzt Gotik
57%
1. Jhd Chetruskerfürst und Anführer einer Armee, die die Varusschlacht gewann Arminius
54%
15. Jhd Dynastie, welche sich als deutsche Kaiserdynastie durchsetzen konnte Habsburger
52%
10. Jhd Erster ostfränkischer König, welcher zum Kaiser gekrönt wurde und das Heilige Römische Reich begründete Otto
45%
7. Jhd Pippin der Mittlere wird Hausmeier in diesem Reich Frankenreich
40%
4. Jhd Bezeichnung für die einsetzende Migration germanischer Stammesverbände ins römische Reich Völkerwanderung
39%
6. Jhd Völkergruppe, welche nach Ostdeutschland migrierte Slawen
23%
11. Jhd Streit um die Kompetenz zur Bischofseinsetzung, welcher zum "Gang nach Canossa" führte Investiturstreit
22%
2. Jhd Germanischer Stamm, mit dem sich Mark Aurel bekriegte Markomannen/Quaden
8%
12. Jhd Bezeichnung für die Eroberung und gewaltsame Christianisierung im Elbe-Oder-Raum Wendenkreuzzug
5%
9. Jhd Bezeichnung für das kulturelle Aufblühen in Europa im Frühmittelalter Karolingische Renaissance
4%
Keine übereinstimmenden Quizze gefunden
Verteilung der Resultate
Anzahl Personen mit jedem Resultat
Perzentil nach korrekt beantworteten Fragen
Ihre Resultats-Entwicklung
Sie haben dieses Quiz seit der letzten Aktualisierung nicht gespielt